000 00512nam a2200205Ia 4500
008 230125s9999 xx 000 0 und d
020 _a8176601205
041 _aeng
082 _a658.15
_bINA
100 _aInamdar S M
_9106256
245 _aPrinciples of Financial Management
250 _a6th ed
260 _c2009
_bEverest Publishing house
_aPune
300 _a530p
500 _aFM
650 _aFinancial Management
700 _aInamdar S M
_9106256
906 _b109
999 _c89132
_d89132